header

A topology of everyday constellations (Record no. 68750)

MARC details
000 -LEADER
fixed length control field 01445nam a2200337 a 4500
082 04 - DEWEY DECIMAL CLASSIFICATION NUMBER
Classification number 720.1
100 1# - MAIN ENTRY--AUTHOR NAME
Personal name Teyssot, Georges,
245 12 - TITLE STATEMENT
Title A topology of everyday constellations
260 ## - PUBLICATION, DISTRIBUTION, ETC. (IMPRINT)
Place of publication Cambridge, Mass. :
Name of publisher MIT Press,
Year of publication 2013.
300 ## - PHYSICAL DESCRIPTION
Number of Pages viii, 350 p. :
Other physical details ill.
505 0# - FORMATTED CONTENTS NOTE
Formatted contents note A topology of everyday constellations -- Figuring the invisible -- Dream house -- The wave -- The story of an idea -- Towards a cyborg architecture -- Prosthetics and parasites -- Windows and screens.
650 #0 - SUBJECT ADDED ENTRY--TOPICAL TERM
Topical Term Space (Architecture)
Topical Term Spatial behavior.
856 40 - ELECTRONIC LOCATION AND ACCESS
Uniform Resource Identifier http://site.ebrary.com/lib/rucke/Doc?id=10661920

No items available.

© 2026 Rongo University
Contact us: librarian | system librarian | Rongo university